| 000 | 00518cam a2200205ua 4500 | ||
|---|---|---|---|
| 001 | 126 | ||
| 008 | 110411n ii |||gr||||Z||||||eng | ||
| 020 | _a978-0-07-064822-7 | ||
| 020 | _a0-07-064822-0 | ||
| 040 | _cMAIN | ||
| 082 | _a005 | ||
| 245 |
_aProgramming in ansi C. _cBy E Balagurusamy. |
||
| 250 | _a4th. | ||
| 260 |
_aNew Delhi.: _bMcgraw hill., _c2007. |
||
| 300 |
_ax, 543 p.: _bill.; _c22 cm. |
||
| 653 | _aComputer science. | ||
| 653 | _aProgramming ansi C. | ||
| 700 | _aBalagurusamy, E., | ||
| 942 | _cBK | ||
| 999 |
_c115 _d115 |
||